From Buonarroti to Bakunin ; studies in international socialism.

Bibliographic Details
Main Author: Lehning, Arthur
Format: Book
Language:English
French
Published: Leiden : Brill, 1970.
Subjects:

MARC

Tag First Indicator Second Indicator Subfields
LEADER 00000cam a2200000 4500
001 in00000456921
005 20151012100204.0
008 701005s1970 ne b 00000 eng
010 |a  74507523  
035 |a (OCoLC)00095611 
035 |9 ABZ1763AM 
037 |c 64.00 
040 |a DLC  |c DLC  |d TXA  |d UtOrBLW 
041 0 |a eng  |a fre 
049 |a TXAM  |c [854218] 
050 0 0 |a HX21  |b .L455 
082 0 |a 335/.009 
100 1 |a Lehning, Arthur. 
245 1 0 |a From Buonarroti to Bakunin ;  |b studies in international socialism. 
264 1 |a Leiden :  |b Brill,  |c 1970. 
300 |a x, 345 pages :  |b 5 pages of photographs, with 2 folded . ;  |c 22 cm. 
336 |a text  |b txt  |2 rdacontent 
337 |a unmediated  |b n  |2 rdamedia 
338 |a volume  |b nc  |2 rdacarrier 
500 |a English or French. 
504 |a Includes bibliograhical references. 
600 1 0 |a Buonarroti, Philippe,  |d 1761-1837. 
650 0 |a Socialism  |x History. 
650 0 |a International socialism. 
999 |a MARS 
999 f f |s 7ae93b5f-feee-3cb1-9e1d-8e039e36b44c  |i cda61502-f020-3472-b84e-3f77432fe2db  |t 0 
952 f f |p ric  |a Texas A&M University  |b Rellis Campus  |c Joint Library Facility  |d Remote Storage  |t 0  |e HX21 .L455  |h Library of Congress classification  |i unmediated -- volume  |m A14803049115 
998 f f |a HX21 .L455  |t 0  |l Remote Storage